Entry Personal Name
Number of records used in: 2
001 - CONTROL NUMBER
003 - CONTROL NUMBER IDENTIFIER
005 - DATE AND TIME OF LATEST TRANSACTION
- control field:
20201012105815.0
008 - FIXED-LENGTH DATA ELEMENTS
- fixed length control field:
800521n| azannaabn |b aaa
010 ## - LIBRARY OF CONGRESS CONTROL NUMBER
- LC control number:
n 79109131
035 ## - SYSTEM CONTROL NUMBER
- System control number:
(OCoLC)oca00341029
040 ## - CATALOGING SOURCE
- Original cataloging agency:
DLC
- Language of cataloging:
eng
- Description conventions:
rda
- Transcribing agency:
DLC
- Modifying agency:
DLC
- Modifying agency:
OCoLC
- Modifying agency:
TCooP
- Modifying agency:
Uk
- Modifying agency:
DLC
- Modifying agency:
UPB
- Modifying agency:
IEN
- Modifying agency:
DHU-MS
- Modifying agency:
DLC
- Modifying agency:
ScU
046 ## - SPECIAL CODED DATES
- Birth date:
1944-02-09
- Source of date scheme:
edtf
053 #0 - LC CLASSIFICATION NUMBER
- Classification number element--single number or beginning number of span:
PS3573.A425
100 1# - HEADING--PERSONAL NAME
- Personal name:
Walker , Alice
- Dates associated with a name:
1944-
370 ## - ASSOCIATED PLACE
- Place of birth:
Eatonton (Ga.)
- Associated country:
United States
- Source of term:
naf
373 ## - ASSOCIATED GROUP
- Associated group:
Spelman College
- Associated group:
Sarah Lawrence College
- Associated group:
Wellesley College
- Associated group:
University of California, Berkeley
- Associated group:
Yale University
- Source of term:
naf
374 ## - OCCUPATION
- Occupation:
Authors
- Occupation:
Novelists
- Occupation:
Civil rights workers
- Occupation:
Educators
- Occupation:
Poets
- Source of term:
lcsh
374 ## - OCCUPATION
- Occupation:
Producers and directors
375 ## - GENDER
- Gender:
Females
- Source of term:
lcdgt
377 ## - ASSOCIATED LANGUAGE
400 1# - SEE FROM TRACING--PERSONAL NAME
- Personal name:
Walker, A.
- Fuller form of name:
(Alice),
- Dates associated with a name:
1944-
400 1# - SEE FROM TRACING--PERSONAL NAME
- Personal name:
Leventhal, Alice Walker,
- Dates associated with a name:
1944-
400 1# - SEE FROM TRACING--PERSONAL NAME
- Personal name:
וואקר, אליס,
- Dates associated with a name:
1944־
400 1# - SEE FROM TRACING--PERSONAL NAME
- Personal name:
アリスウォーカー,
- Dates associated with a name:
1944-
670 ## - SOURCE DATA FOUND
- Source citation:
Once, 1968.
670 ## - SOURCE DATA FOUND
- Source citation:
Alice Malsenior Walker, c1988.
670 ## - SOURCE DATA FOUND
- Source citation:
IMDb, May 22, 2009
- Information found:
(Alice Walker; b. Feb. 9, 1944, Eatonton, Georgia, USA; writer, producer)
670 ## - SOURCE DATA FOUND
- Source citation:
They were women then, c2001:
- Information found:
caption (A. Walker)
670 ## - SOURCE DATA FOUND
- Source citation:
African American National Biography, accessed September 18, 2014, via Oxford African American Studies Center database:
- Information found:
(Walker, Alice; Walker, Alice Malsenior; fiction writer, civil rights activist, educator, poet, essayist; born 09 February 1944 in Eatonton, Georgia, United States; scholarship to Spelman College, Atlanta; transferred to Sarah Lawrence College, New York; worked for the New York City welfare department; accepted position at Wellesley College, New England, where she designed and taught the first-ever course in black women's writing; won Guggenheim and National Endowment for the Arts fellowships and moved in northern California (1977); won the Pulitzer Prize and the National Book Award (1983) for The Color Purple; taught at Berkeley and Yale; sought to educate the world about the crime of female genital mutilation)